MARC

LEADER 00000nam0a2200000 4500
001 319086
005 20231102003138.0
035 |a (RuTPU)RU\TPU\book\344591 
090 |a 319086 
100 |a 20160518d1970 m y0rusy50 ca 
101 0 |a rus 
102 |a RU 
105 |a a j 001zy 
200 1 |a Импульсная электроника: программированное описание к лабораторным работам  |h Ч. 1  |f В. И. Эшкенази, В. И. Орлов  |g Томский политехнический институт (ТПИ), Факультет автоматики и вычислительной техники (АВТФ), Кафедра радиотехники ; под ред. Г. П. Трофимова 
210 |a Томск  |d 1970 
215 |a 115 л.  |c ил. 
300 |a Машинописное издание 
320 |a Библиогр. в конце тем 
606 1 |a Импульсная электроника  |2 stltpush  |3 (RuTPU)RU\TPU\subj\12431  |9 39212 
610 1 |a лабораторные работы 
610 1 |a практические работы 
610 1 |a осциллографирование 
610 1 |a осциллографы 
610 1 |a контрольные вопросы 
610 1 |a ответы 
610 1 |a импульсы 
610 1 |a транзисторные генераторы 
610 1 |a полупроводниковые триоды 
610 1 |a транзисторные ключи 
610 1 |a диодная логика 
610 1 |a транзисторная логика 
610 1 |a труды учёных ТПУ 
675 |a 621.374(076.5)  |v 4 
700 1 |a Эшкенази  |b В. И. 
701 1 |a Орлов  |b В. И. 
702 1 |a Трофимов  |b Г. П.  |4 340 
712 0 2 |a Томский политехнический институт (ТПИ)  |b Факультет автоматики и вычислительной техники (АВТФ)  |b Кафедра радиотехники  |c (1944-1991)  |2 stltpush  |3 (RuTPU)RU\TPU\col\1123 
801 1 |a RU  |b 63413507  |c 20160518 
801 2 |a RU  |b 63413507  |c 20171102  |g RCR 
942 |c BK